[Event "1er tournoi de Maîtres"]
[Site "Montigny le Bretonneux"]
[Date "2013.10.24"]
[Round "6.3"]
[White "Serafimov, Tervel"]
[Black "Dionisi, Thomas"]
[Result "1-0"]
[WhiteElo "2438"]
[BlackElo "2323"]
[PlyCount "71"]
[EventDate "2013.??.??"]

{Défense sicilienne} 1. d3 g6 2. g3 Bg7 3. Bg2 d6 4. e4 c5 5. f4 Nc6 6. Nf3 e6
7. c3 Nge7 8. O-O O-O 9. Be3 b6 10. d4 Bb7 11. Na3 cxd4 12. Nxd4 Nxd4 13. Bxd4
e5 14. Be3 d5 15. fxe5 dxe4 16. Qxd8 Raxd8 17. Bg5 Rfe8 18. Nc4 h6 19. Nd6 hxg5
20. Nxb7 Rd2 21. Nd6 Rf8 22. Nc4 Rd5 23. Bxe4 Rc5 24. Bd3 b5 25. Nd6 Bxe5 26.
Ne4 Rd5 27. Bc2 Bg7 28. Bb3 Re5 29. Nd6 Nf5 30. Nxf7 Re2 31. Nxg5+ Kh8 32. Ne6
Re8 33. Nf4 Rxb2 34. Bf7 Rd8 35. Nxg6+ Kh7 36. Rxf5 1-0

[Event "1er tournoi de Maîtres"]
[Site "Montigny le Bretonneux"]
[Date "2013.10.24"]
[Round "6.4"]
[White "Van Dongen, Patrick"]
[Black "Rettore, Ludwig"]
[Result "1-0"]
[WhiteElo "2339"]
[BlackElo "2113"]
[PlyCount "77"]
[EventDate "2013.??.??"]

{Défense hollandaise, gambit Staunton} 1. d4 f5 2. e4 fxe4 3. Nc3 Nf6 4. Bg5
Nc6 5. d5 Ne5 6. Qe2 Nf7 7. Bxf6 exf6 8. Nxe4 Bb4+ 9. c3 Be7 10. d6 cxd6 11.
O-O-O O-O 12. g4 b5 13. Qxb5 a5 14. Nh3 Ba6 15. Qd5 Bxf1 16. Rhxf1 a4 17. Nf4
a3 18. b3 f5 19. gxf5 Bg5 20. Nxg5 Qxg5 21. Qd2 Qxf5 22. Nd5 Kh8 23. f4 Nd8 24.
Qc2 Qf7 25. f5 Ra5 26. Qd2 Nc6 27. f6 g6 28. h4 Ne5 29. c4 Rc5 30. Kb1 Rb8 31.
Ka1 Ng4 32. Rde1 Ne5 33. Rd1 Re8 34. Qc1 Nc6 35. Qxa3 Ra5 36. Qxd6 Rea8 37. Nc3
Ra3 38. Kb2 R8a6 39. Qxd7 1-0

[Event "1er tournoi de Maîtres"]
[Site "Montigny le Bretonneux"]
[Date "2013.10.24"]
[Round "6.5"]
[White "Saada, Julien"]
[Black "Lamorelle, Julien"]
[Result "1-0"]
[WhiteElo "2332"]
[BlackElo "2326"]
[PlyCount "81"]
[EventDate "2013.??.??"]

{Gambit dame, défense slave} 1. d4 d5 2. c4 c6 3. Nf3 Nf6 4. e3 Bf5 5. Nc3 e6
6. Nh4 Bg6 7. Nxg6 hxg6 8. Bd3 Nbd7 9. O-O Bd6 10. h3 Qe7 11. c5 Bc7 12. f4 Ng8
13. b4 a6 14. a4 f5 15. Bd2 Ngf6 16. b5 Ne4 17. bxc6 bxc6 18. Nxe4 dxe4 19. Bc4
a5 20. Rb1 Nf6 21. Rb7 Nd5 22. Qe2 g5 23. Rc1 gxf4 24. exf4 O-O 25. Qh5 e3 26.
Bxd5 exd5 27. Re1 Qf7 28. Qxf7+ Rxf7 29. Bxe3 Bxf4 30. Rb6 Re7 31. Bd2 Rxe1+
32. Bxe1 Re8 33. Kf1 Re4 34. Bc3 Re3 35. Bxa5 Rd3 36. Be1 Rxd4 37. a5 Rc4 38.
a6 Ra4 39. Rb4 Rxa6 40. Rxf4 g6 41. Rb4 1-0

[Event "1er tournoi de Maîtres"]
[Site "Montigny le Bretonneux"]
[Date "2013.10.25"]
[Round "7.2"]
[White "Lamorelle, Julien"]
[Black "Serafimov, Tervel"]
[Result "1/2-1/2"]
[WhiteElo "2326"]
[BlackElo "2438"]
[Annotator "Rivier,Sylvain"]
[PlyCount "68"]
[EventDate "2013.??.??"]

{Partie italienne} 1. e4 e5 2. Nc3 Nf6 3. Bc4 Bc5 4. d3 d6 5. Na4 Bb6 6. Nxb6
axb6 7. Nf3 Nc6 8. c3 Be6 9. Bxe6 fxe6 10. O-O O-O 11. Ng5 Qe8 12. f4 exf4 13.
Qb3 Nd8 14. Bxf4 h6 15. Nh3 Ng4 16. Bg3 Rxf1+ 17. Rxf1 Qa4 18. Qxa4 Rxa4 19. a3
e5 20. Nf2 Nf6 21. Bh4 g5 22. Bg3 Ne6 23. Nd1 Nd7 24. Ne3 Ndc5 25. Rd1 Ra8 26.
Nf5 Kh7 27. Bf2 Na4 28. Rd2 Ra5 29. Rc2 Nac5 30. Bxc5 bxc5 31. Kf2 Kg6 32. Ke3
Ra8 33. Rf2 Re8 34. g3 Ng7 1/2-1/2

[Event "1er tournoi de Maîtres"]
[Site "Montigny le Bretonneux"]
[Date "2013.10.25"]
[Round "7.3"]
[White "Valuet, Bertrand"]
[Black "Van Dongen, Patrick"]
[Result "1-0"]
[WhiteElo "2300"]
[BlackElo "2339"]
[Annotator "Rivier,Sylvain"]
[PlyCount "75"]
[EventDate "2013.??.??"]

{Gambit dame, variante d'échange} 1. c4 e6 2. Nc3 d5 3. d4 Nf6 4. cxd5 exd5 5.
Bg5 Be7 6. e3 c6 7. Qc2 Nbd7 8. Bd3 O-O 9. Nge2 Re8 10. h3 Nf8 11. O-O-O a5 12.
g4 b5 13. Kb1 a4 14. Ng3 g6 15. Nce2 Bd7 16. f3 b4 17. Qd2 Ne4 18. Nxe4 Bxg5
19. Nxg5 Qxg5 20. Nf4 Qe7 21. e4 Ne6 22. Nxe6 Bxe6 23. e5 a3 24. b3 c5 25. dxc5
Qxc5 26. h4 d4 27. h5 Qxe5 28. hxg6 hxg6 29. f4 Qg7 30. f5 Bd5 31. Rhf1 Re3 32.
f6 Qf8 33. Rf4 Bf3 34. Rf1 Bb7 35. Bxg6 fxg6 36. f7+ Kh7 37. g5 Rh3 38. Qxd4
1-0

[Event "1er tournoi de Maîtres"]
[Site "Montigny le Bretonneux"]
[Date "2013.10.25"]
[Round "7.5"]
[White "Dionisi, Thomas"]
[Black "Moroni, Luca Jr"]
[Result "1-0"]
[WhiteElo "2323"]
[BlackElo "2287"]
[Annotator "Rivier,Sylvain"]
[PlyCount "209"]
[EventDate "2013.??.??"]

{Défense sicilienne, variante Scheveninge} 1. e4 c5 2. Nf3 d6 3. d4 Nf6 4. Nc3
cxd4 5. Nxd4 a6 6. Be2 e6 7. O-O b5 8. Bf3 Ra7 9. Qe2 b4 10. Nb1 Rc7 11. c3
bxc3 12. Nxc3 Bb7 13. Nb3 Nc6 14. Be3 Nd7 15. g3 Be7 16. Rad1 O-O 17. Bg2 Rc8
18. f4 Na5 19. Nd4 Nc4 20. Bf2 Qa5 21. Rc1 Rfe8 22. Rfd1 Bf6 23. b3 Na3 24. Na4
Rxc1 25. Rxc1 Nb5 26. Nf3 d5 27. e5 Be7 28. Qd3 g6 29. h4 Rc8 30. Rxc8+ Bxc8
31. Qc2 Qc7 32. Qxc7 Nxc7 33. Nd4 Bb7 34. Bf1 h5 35. Bd3 Nb8 36. Kf1 Nc6 37.
Ke2 Kf8 38. Nc2 Nb5 39. Bxb5 axb5 40. Nc5 Bxc5 41. Bxc5+ Ke8 42. Ke3 Kd7 43.
Ne1 Kc7 44. Bd6+ Kc8 45. Nf3 Kd7 46. Kd3 Ba8 47. Bc5 Bb7 48. Kc3 Ba6 49. Ne1
Bc8 50. Nd3 Kc7 51. Bd6+ Kb6 52. Ne1 b4+ 53. Kd2 Kb5 54. Nf3 Bd7 55. Kd3 Be8
56. Ng5 Nd8 57. Be7 Nc6 58. Bf8 Nd8 59. Nh7 Nb7 60. Kd4 Bc6 61. Nf6 Na5 62. Be7
Bb7 63. Bd6 Nc6+ 64. Kd3 Nd8 65. Be7 Nc6 66. Bf8 Ba6 67. Ne8 Ka5+ 68. Ke3 d4+
69. Kd2 d3 70. Bc5 Nd8 71. Bf2 Nb7 72. Nc7 Bb5 73. Be3 Nd8 74. Nxb5 Kxb5 75.
Kxd3 Nc6 76. Ke4 Ne7 77. Bd4 Nf5 78. Bf2 Ne7 79. Be1 Kc5 80. Bd2 Nf5 81. Be1
Ne7 82. Bf2+ Kb5 83. Kf3 Nd5 84. Be1 Kc5 85. g4 Kd4 86. Bf2+ Kd3 87. gxh5 gxh5
88. Bc5 Kc3 89. Ke4 Kb2 90. Kd4 Kxa2 91. Kc4 Nxf4 92. Bxb4 Ng6 93. Bc3 Nxh4 94.
b4 Nf5 95. b5 h4 96. Bd2 Ne7 97. Kc5 Ng6 98. b6 h3 99. b7 h2 100. b8=Q h1=Q
101. Qd6 Qe4 102. Bc3 Nf4 103. Qd2+ Ka3 104. Qb2+ Ka4 105. Qa2# 1-0

[Event "1er tournoi de Maîtres"]
[Site "Montigny le Bretonneux"]
[Date "2013.10.26"]
[Round "8.4"]
[White "Saada, Julien"]
[Black "Valuet, Bertrand"]
[Result "1-0"]
[WhiteElo "2332"]
[BlackElo "2300"]
[Annotator "Rivier,Sylvain"]
[PlyCount "97"]
[EventDate "2013.??.??"]

{Ouverture du pion dame, défense est-indienne} 1. d4 Nf6 2. Nf3 g6 3. Nbd2 c5
4. dxc5 Qa5 5. a3 Qxc5 6. b4 Qc7 7. Bb2 Bg7 8. e3 b6 9. Be2 Bb7 10. c4 O-O 11.
O-O Nc6 12. Qb3 Rac8 13. Rac1 Qb8 14. Rfd1 Rfd8 15. Qa2 d5 16. cxd5 Nxd5 17.
Bxg7 Kxg7 18. Bc4 e6 19. Qb2+ f6 20. Ne4 Rf8 21. Bxd5 exd5 22. Rxd5 Ne5 23.
Rxc8 Qxc8 24. Rd4 Bxe4 25. Nxe5 Rd8 26. Nc4 Bd5 27. Qd2 Qe6 28. e4 Bxc4 29.
Rxd8 Qxe4 30. Rd7+ Bf7 31. h3 a6 32. Qa2 Qe1+ 33. Kh2 Qe8 34. Qd5 g5 35. Qd6
Kg6 36. Qe7 Qg8 37. Rd8 Qg7 38. Qf8 Qxf8 39. Rxf8 Bd5 40. Rb8 b5 41. g4 h5 42.
Rb6 h4 43. Rxa6 Bb3 44. Kg2 Kf7 45. Ra5 Bd5+ 46. f3 Bc6 47. Ra6 Bd7 48. Kf2 Ke7
49. Rb6 1-0

[Event "1er tournoi de Maîtres"]
[Site "Montigny le Bretonneux"]
[Date "2013.10.26"]
[Round "8.5"]
[White "Dionisi, Thomas"]
[Black "Lamorelle, Julien"]
[Result "1-0"]
[WhiteElo "2323"]
[BlackElo "2326"]
[Annotator "Rivier,Sylvain"]
[PlyCount "65"]
[EventDate "2013.??.??"]

{Défense sicilienne, variante Alapine} 1. e4 c5 2. Nf3 e6 3. c3 Nf6 4. e5 Nd5
5. d4 cxd4 6. cxd4 d6 7. Bc4 Nc6 8. O-O Be7 9. Qe2 O-O 10. Nc3 Nxc3 11. bxc3
dxe5 12. dxe5 Qa5 13. Bd2 Rd8 14. Rfe1 b6 15. Qe4 Bb7 16. Bb3 Rd7 17. Qg4 Rxd2
18. Nxd2 Nxe5 19. Qh3 Ng6 20. Rad1 Nf4 21. Qg3 Qf5 22. Nf3 Bc5 23. Rd7 Bc6 24.
Rd2 h5 25. Bc2 Qf6 26. Be4 Bd5 27. c4 Bb4 28. cxd5 exd5 29. Bb1 Rc8 30. h4 Bxd2
31. Nxd2 Rc1 32. Rxc1 Ne2+ 33. Kh2 1-0

[Event "1er tournoi de Maîtres"]
[Site "Montigny le Bretonneux"]
[Date "2013.10.27"]
[Round "9.1"]
[White "Guliyev, Namig"]
[Black "Van Dongen, Patrick"]
[Result "1-0"]
[WhiteElo "2559"]
[BlackElo "2339"]
[Annotator "Rivier,Sylvain"]
[PlyCount "75"]
[EventDate "2013.??.??"]

{Ouverture du pion dame, défense est-indienne} 1. Nf3 Nf6 2. d4 c5 3. e3 g6 4.
Bd3 Bg7 5. O-O O-O 6. b3 d5 7. Bb2 b6 8. Nbd2 Bb7 9. dxc5 bxc5 10. c4 e6 11.
cxd5 exd5 12. Qc2 Nbd7 13. Ne5 Rc8 14. Nxd7 Qxd7 15. Rad1 Rfe8 16. Rfe1 d4 17.
e4 Nh5 18. g3 Nf4 19. gxf4 Qg4+ 20. Kh1 Qxf4 21. f3 Be5 22. Re2 f5 23. exf5 Bd6
24. Rg2 Kh8 25. fxg6 hxg6 26. Be4 Bxe4 27. fxe4 Rf8 28. Qd3 Qh4 29. Rf1 Rxf1+
30. Qxf1 Bf4 31. Qf2 Qh6 32. Bxd4+ cxd4 33. Qxd4+ Qg7 34. Qxg7+ Kxg7 35. Rf2 g5
36. Kg2 Kf6 37. Rxf4+ gxf4 38. Kf3 1-0

[Event "1er tournoi de Maîtres"]
[Site "Montigny le Bretonneux"]
[Date "2013.10.27"]
[Round "9.3"]
[White "Valuet, Bertrand"]
[Black "Serafimov, Tervel"]
[Result "1-0"]
[WhiteElo "2300"]
[BlackElo "2438"]
[Annotator "Rivier,Sylvain"]
[PlyCount "43"]
[EventDate "2013.??.??"]

{Défense Philidor} 1. e4 e5 2. Nf3 d6 3. d4 exd4 4. Nxd4 Nf6 5. Nc3 Be7 6. Bf4
O-O 7. Qd2 Nc6 8. O-O-O Nxd4 9. Qxd4 Be6 10. Kb1 Ng4 11. Bg3 Bf6 12. Qd2 Bh4
13. Bxh4 Qxh4 14. g3 Qh6 15. f4 Nf6 16. Bg2 Rab8 17. h3 b5 18. g4 Qh4 19. b3 b4
20. Ne2 Rfe8 21. Nd4 Bd7 22. e5 1-0

[Event "1er tournoi de Maîtres"]
[Site "Montigny le Bretonneux"]
[Date "2013.10.27"]
[Round "9.4"]
[White "Lamorelle, Julien"]
[Black "Moroni, Luca Jr"]
[Result "1-0"]
[WhiteElo "2326"]
[BlackElo "2287"]
[Annotator "Rivier,Sylvain"]
[PlyCount "63"]
[EventDate "2013.??.??"]

{Défense sicilienne, variante hongroise} 1. e4 c5 2. Nf3 d6 3. d4 Nf6 4. Bb5+
Bd7 5. Bxd7+ Qxd7 6. dxc5 Nxe4 7. cxd6 Nxd6 8. O-O Nc6 9. Bf4 Rd8 10. Qe2 e6
11. Rd1 Be7 12. Nc3 Qc8 13. a4 O-O 14. Nb5 Nxb5 15. axb5 Rxd1+ 16. Rxd1 Nb4 17.
c3 Nd5 18. Rxd5 exd5 19. Qxe7 Re8 20. Qd6 Qf5 21. h3 h6 22. Kh2 Qe4 23. Be3 b6
24. Qg3 f5 25. Bxh6 Re7 26. Bg5 Rf7 27. Bf4 Qe2 28. Qh4 Re7 29. Be3 Rd7 30. Ng5
g6 31. Nf3 Qxb5 32. Bd4 1-0